zpět

Detail výsledku týmu

Klub Tyjátr, Svitavy

Datum a čas kvízu

19.5 Celkem bodů Celkový počet nahraných bodů na tomto kvízu bez doplňovacích otázek.
6. Pořadí na kvízu Konečné umístění týmu na tomto kvízu.

Zaznamenané odpovědi

# Otázka Odpověď Body Výsledky
1. Poblíž které jihočeské obce by... Lety 0
2. Posádka tureckých nízkonáklado... Britové 0
3. Mezinárodní filmový festival K... Ivan Trojan 1
4. V pátek se v pražském hotelu M... mince 0
5. V dohrávce 29. kola fotbalové... Arsenal, 5:0 0
6. Bešamelová omáčka se standardn... muškátovým oříškem/květem 1
7. Napište zakrytou značku zobraz... Kikkoman 1
8. Když se řekne omáčka, určitě s... 15 0
9. Město Worcester dalo jméno jed... C; ločidlo 0
10. Jak se označuje tato omáčka (z... holandská omáčka; vejce Benedikt 1